00389nam a2200157Ia 45000010006000000050017000060080041000230410008000640820015000721000026000872450059001132600009001723000034001816500008002156540008002231494220260306164951.0260306t2017||||xx |||||||||||||| ||spa|| aESP a519.5bS17 aSalkind, Neil J.eAUT 0aStatistics for people who (think they) hate statistics c2017 axxix, 519 páginas :c25 cm. aGEN aCMA